El neopolicial latinoamericano: de los sospechosos de siempre a los crímenes de estado
Saved in:
| Hovedforfatter: | |
|---|---|
| Format: | Bog |
| Sprog: | spansk |
| Udgivet: |
Valparaíso
Puntángeles
2004
|
| Fag: | |
| Tags: |
Tilføj Tag
Ingen Tags, Vær først til at tagge denne postø!
|
MARC
| LEADER | 00000nam a2200000 a 4500 | ||
|---|---|---|---|
| 001 | UCI3182 | ||
| 003 | CL-VaPUC | ||
| 008 | 071012e20040000CL |||||||||||||||||spa|d | ||
| 020 | |a 956296020X | ||
| 082 | 0 | 4 | |a 363.2 |b BIS |2 21 |
| 100 | 0 | |a Bisama F., Adolfo |e author |9 524612 | |
| 245 | 1 | 3 | |a El neopolicial latinoamericano: de los sospechosos de siempre a los crímenes de estado |
| 300 | |a 171 p | ||
| 942 | |c BK | ||
| 945 | |d 20071012 00:00:00 |a jtorresc | ||
| 260 | |a Valparaíso |b Puntángeles |c 2004 | ||
| 650 | 7 | |a FUNCION POLICIAL |2 CL-VaPUC |9 524613 | |
| 650 | 0 | |a Actividades policiales |9 384176 | |
| 650 | 0 | |a Administración pública |9 255343 | |
| 651 | 0 | |a América Latina |9 255027 | |
| 583 | |a last modification |c 20071012 00:00:00 |k Rodrigo Vera | ||
| 999 | |c 327553 |d 327551 | ||
| 952 | |0 0 |1 0 |4 0 |6 363_200000000000000_BIS_2004 |7 0 |8 A |9 410523 |a BIBHIS |b BIBHIS |d 2019-11-22 |i 4377435 |l 1 |o 363.2 BIS 2004 |p 4377435 |r 2025-01-20 |s 2022-05-17 |w 2019-11-22 |y BK |k HIS | ||